000 00370nam a2200145Ia 4500
008 230718s9999 xx 000 0 und d
041 _aeng
082 _a621.381
_bMOT
100 _aMotorola Inc
245 _aLinear Interface Ics Device Data
260 _c1993
_bMotorola
365 _cRs.
_b650.00
700 _aMotorola Inc
906 _dB:32420-Aug-2001
_cETC
_b97.5
999 _c301966
_d301966